|
|
|
|
| LEADER |
01143nam a2200277 a 4500 |
| 001 |
2127632 |
| 008 |
100112s1997 dcua b 000 0 eng d |
| 010 |
|
|
|a 97050069
|
| 020 |
|
|
|a 0821341642 (pbk.)
|
| 040 |
|
|
|a DLC
|c DLC
|d DLC
|
| 082 |
0 |
0 |
|a 307.1/412/09438
|2 21
|
| 100 |
1 |
|
|a Christensen, Garry,
|d 1953-
|
| 245 |
1 |
0 |
|a Competitiveness and employment :
|b a framework for rural development in Poland /
|c Garry Christensen, Richard Lacroix.
|
| 260 |
|
|
|a Washington, D.C. :
|b World Bank,
|c c1997.
|
| 300 |
|
|
|a viii, 55 p. :
|b ill. ;
|c 28 cm.
|
| 490 |
1 |
|
|a World Bank discussion paper,
|x 0259-210X ;
|v no. 383
|
| 504 |
|
|
|a Includes bibliographical references (p. 55).
|
| 541 |
1 |
|
|e 00007172
|
| 650 |
|
0 |
|a Rural development
|z Poland.
|
| 650 |
|
0 |
|a Agriculture
|x Economic aspects
|z Poland.
|
| 651 |
|
0 |
|a Poland
|x Rural conditions.
|
| 700 |
1 |
|
|a Lacroix, Richard L. J.,
|d 1938-
|
| 830 |
|
0 |
|a World Bank discussion papers ;
|v 383.
|
| 852 |
4 |
|
|a Ayesha Abed Library
|j General shelf
|
| 999 |
|
|
|c 6906
|d 6906
|
| 952 |
|
|
|0 0
|1 0
|2 ddc
|4 0
|6 307_141209438000000_CHR_1997
|7 0
|9 7122
|a BRACUL
|b BRACUL
|c GEN
|d 2010-01-12
|l 0
|o 307.141209438 CHR
|p 3010007172
|r 2010-01-12
|t 1
|w 2010-01-12
|y BK
|